00534cam a22002291 4500001001300000003000400013005001700017008004100034010001700075025001800092035002000110040002100130042001200151050002000163100002500183245002200208260001100230300002100241500001400262500001100276999001700287sa 64005858 DLC20260227112035.0940913s1962 ii 000 0 orio  asa 64005858  aPL480:I-O-297 a(OCoLC)31095212 aDLCcCUdCUdDLC apremarc00aPK2579.M284bC51 aMahanti, Brajamohan.10aChāẏāpatha. c[1962] a2, 55 p.c18 cm. aIn Oriya. aPoems. c59369d59369